Former British Colony Flags - Statistics

General Stats
  • This quiz has been taken 42 times
    18 since last reset
  • The average score is 4 of 11
Answer Stats
Picture Answer % Correct
Canada
100%
Nigeria
75%
Singapore
63%
United States
63%
British Raj
25%
South Africa
25%
Sri Lanka
25%
Bahamas
13%
Honduras
13%
Hong Kong
13%
Somalia
0%
No matching quizzes found
Score Distribution
Percent of People with Each Score
Percentile by Number Answered
Your Score History
You have not taken this quiz since the last reset